[Event "Teplice op 10th"]
[Site "Teplice"]
[Date "2015.06.21"]
[Round "9"]
[White "Folta, Jaroslav"]
[Black "Hruby, Vaclav"]
[Result "1/2-1/2"]
[WhiteElo "1823"]
[BlackElo "1692"]
[PlyCount "60"]
[EventDate "2015.06.13"]
[EventType "swiss"]
[EventRounds "9"]
[EventCountry "CZE"]
[SourceTitle "EXT 2017"]
[Source "ChessBase"]
[SourceDate "2016.10.25"]
[SourceVersion "1"]
[SourceVersionDate "2016.10.25"]
[SourceQuality "1"]

1. d4 f5 2. c4 e6 3. Nc3 Nf6 4. Bg5 Be7 5. e3 d6 6. Bd3 c6 7. Nge2 Na6 8. 0-0 0-0 9. Rc1 Nc7 10. Bb1 h6 11. Bxf6 Bxf6 12. Ng3 d5 13. c5 Bd7 14. Nce2 Be8 15. Nf4 g6 16. Nd3 Kg7 17. f4 Rh8 18. Ne5 Bf7 19. Qc2 Qe8 20. Ne2 g5 21. Kh1 g4 22. b4 a6 23. a4 h5 24. Ng3 h4 25. Ne2 Bh5 26. Nc3 Bf7 27. Qb3 Qe7 28. Bd3 Be8 29. Qc2 Bg6 30. Nxg4 Bh5 1/2-1/2

[Event "Teplice op 10th"]
[Site "Teplice"]
[Date "2015.06.16"]
[Round "4"]
[White "Hruby, Vaclav"]
[Black "Obrsal, Josef"]
[Result "1-0"]
[WhiteElo "1692"]
[BlackElo "1503"]
[PlyCount "93"]
[EventDate "2015.06.13"]
[EventType "swiss"]
[EventRounds "9"]
[EventCountry "CZE"]
[SourceTitle "EXT 2017"]
[Source "ChessBase"]
[SourceDate "2016.10.25"]
[SourceVersion "1"]
[SourceVersionDate "2016.10.25"]
[SourceQuality "1"]

1. d4 d5 2. Nf3 Nf6 3. Bf4 Bg4 4. c3 e6 5. Qb3 b6 6. Ne5 Bf5 7. e3 Nbd7 8. Bb5 Be7 9. Nc6 Qc8 10. Qa4 a6 11. Nxe7 Kxe7 12. Be2 Rd8 13. Qc6 Ra7 14. Qa4 Kf8 15. Nd2 Kg8 16. 0-0 c5 17. Nf3 h6 18. h3 c4 19. Rfc1 b5 20. Qa5 Re8 21. a4 Qb7 22. axb5 Rea8 23. b6 Qxb6 24. Qxb6 Nxb6 25. Ne5 Nbd7 26. Nc6 Rb7 27. Ne7+ Kh8 28. Nxf5 exf5 29. Ra2 g5 30. Bh2 g4 31. hxg4 fxg4 32. Bd1 h5 33. Ba4 Rb6 34. Bc7 Re6 35. Ba5 h4 36. Bc2 Ne4 37. Bxe4 Rxe4 38. Bc7 Re6 39. Ra5 Nf6 40. Be5 Kg7 41. Rxd5 Kg6 42. Ra5 Ne4 43. Bf4 Ra7 44. Rc2 Rb7 45. f3 gxf3 46. gxf3 Nd6 47. Rxa6 1-0

[Event "Teplice op 10th"]
[Site "Teplice"]
[Date "2015.06.13"]
[Round "1"]
[White "Kozak, Milos"]
[Black "Hruby, Vaclav"]
[Result "1-0"]
[WhiteElo "2148"]
[BlackElo "1692"]
[PlyCount "49"]
[EventDate "2015.06.13"]
[EventType "swiss"]
[EventRounds "9"]
[EventCountry "CZE"]
[SourceTitle "EXT 2017"]
[Source "ChessBase"]
[SourceDate "2016.10.25"]
[SourceVersion "1"]
[SourceVersionDate "2016.10.25"]
[SourceQuality "1"]

1. d4 d5 2. c4 c6 3. Nf3 Nf6 4. e3 g6 5. Nc3 Bg7 6. Be2 0-0 7. 0-0 Bg4 8. cxd5 Nxd5 9. e4 Nxc3 10. bxc3 c5 11. Rb1 cxd4 12. cxd4 b6 13. Be3 Nd7 14. Rc1 Rc8 15. Qa4 a5 16. Rxc8 Qxc8 17. Rc1 Qb7 18. Qc6 Qxc6 19. Rxc6 Rb8 20. h3 Bxf3 21. gxf3 b5 22. Rc7 Nf6 23. Rc5 Nd7 24. Rxb5 Rxb5 25. Bxb5 1-0

[Event "Brno op 4th"]
[Site "Brno"]
[Date "2013.11.19"]
[Round "5"]
[White "Koci, Tereza"]
[Black "Hruby, Vaclav"]
[Result "1-0"]
[WhiteElo "1439"]
[BlackElo "1746"]
[PlyCount "115"]
[EventDate "2013.11.16"]
[EventType "swiss"]
[EventRounds "9"]
[EventCountry "CZE"]
[SourceTitle "CBM 157 Extra"]
[Source "ChessBase"]
[SourceDate "2013.12.19"]
[SourceVersion "1"]
[SourceVersionDate "2013.12.19"]
[SourceQuality "1"]

1. d4 d5 2. Nf3 Nf6 3. c4 e6 4. cxd5 exd5 5. Nc3 c6 6. Bf4 Be7 7. h3 0-0 8. e3 Bf5 9. Bd3 Bxd3 10. Qxd3 Nbd7 11. 0-0 Re8 12. a4 Qa5 13. Nd2 h6 14. Rab1 a6 15. Qc2 Qb6 16. b4 Rec8 17. a5 Qd8 18. Na4 Ra7 19. Qc3 Ne8 20. Nb3 Nd6 21. Bxd6 Bxd6 22. Nbc5 Rb8 23. Nxd7 Qxd7 24. Nb6 Qe7 25. Rfc1 Re8 26. Rb2 f5 27. Re1 Bc7 28. Qc5 Bxb6 29. Qxb6 Raa8 30. Qc5 Qf7 31. Rbb1 Re6 32. Qc3 Rae8 33. Kf1 f4 34. exf4 Qxf4 35. g3 Rxe1+ 36. Rxe1 Rxe1+ 37. Kxe1 Qe4+ 38. Kd2 Qb1 39. Ke2 Qh1 40. h4 Qe4+ 41. Qe3 Qg4+ 42. Kd2 Kf7 43. Qe5 Qe6 44. Qc7+ Qe7 45. Qxe7+ Kxe7 46. Ke3 Kf6 47. Kf4 g5+ 48. hxg5+ hxg5+ 49. Kg4 Kg6 50. f4 gxf4 51. gxf4 Kf6 52. f5 Kg7 53. Kg5 Kf7 54. f6 Kg8 55. Kg6 Kf8 56. f7 c5 57. bxc5 b6 58. cxb6 1-0

[Event "Brno op 4th"]
[Site "Brno"]
[Date "2013.11.17"]
[Round "3"]
[White "Potapova, Tatiana"]
[Black "Hruby, Vaclav"]
[Result "1-0"]
[WhiteElo "1622"]
[BlackElo "1746"]
[PlyCount "83"]
[EventDate "2013.11.16"]
[EventType "swiss"]
[EventRounds "9"]
[EventCountry "CZE"]
[SourceTitle "CBM 157 Extra"]
[Source "ChessBase"]
[SourceDate "2013.12.19"]
[SourceVersion "1"]
[SourceVersionDate "2013.12.19"]
[SourceQuality "1"]

1. d4 d5 2. Nf3 Nf6 3. Bf4 e6 4. e3 Bd6 5. Bxd6 cxd6 6. c4 Nc6 7. Nc3 Qa5 8. Nd2 dxc4 9. Bxc4 d5 10. Be2 0-0 11. 0-0 a6 12. a3 Bd7 13. Nf3 Rfc8 14. b4 Qd8 15. Qb3 Be8 16. Rfd1 Rc7 17. a4 Na7 18. Rac1 Rac8 19. Na2 Rxc1 20. Nxc1 Qc7 21. b5 axb5 22. axb5 Qb6 23. Na2 Ne4 24. Rb1 Nd6 25. Nc3 Nc4 26. Bxc4 Rxc4 27. e4 Qa5 28. Ne2 Bxb5 29. exd5 exd5 30. Ne5 Rc7 31. Qxd5 Re7 32. Ng3 g6 33. Qc5 Rc7 34. Qd5 Re7 35. Ne4 Qa6 36. h3 Qe6 37. Rxb5 Nxb5 38. Qxb5 f6 39. Nc5 Qd6 40. Qc4+ Kg7 41. Nf3 Rc7 42. Ne6+ 1-0

[Event "Teplice op 8th"]
[Site "Teplice"]
[Date "2013.06.17"]
[Round "3"]
[White "Hruby, Vaclav"]
[Black "Zahour, Ivan"]
[Result "0-1"]
[WhiteElo "1745"]
[BlackElo "2079"]
[PlyCount "54"]
[EventDate "2013.06.15"]
[EventType "swiss"]
[EventRounds "9"]
[EventCountry "CZE"]
[SourceTitle "CBM 155 Extra"]
[Source "ChessBase"]
[SourceDate "2013.08.26"]
[SourceVersion "1"]
[SourceVersionDate "2013.08.26"]
[SourceQuality "1"]

1. Nf3 c5 2. b3 Nc6 3. Bb2 e6 4. e3 Nf6 5. d4 cxd4 6. exd4 d5 7. Be2 Bd6 8. 0-0 0-0 9. Nbd2 Nd7 10. Re1 f5 11. c4 a5 12. cxd5 exd5 13. a3 Nf6 14. Rc1 Ne4 15. Ne5 Qb6 16. Nxc6 bxc6 17. Nf3 Bd7 18. Qd3 Rab8 19. Bd1 Bf4 20. Rb1 Bc8 21. g3 Ba6 22. Qc2 Bd6 23. Ne5 Bxe5 24. dxe5 Bd3 25. Qxd3 Qxf2+ 26. Kh1 Qxe1+ 27. Kg2 Qf2+ 0-1

[Event "Teplice op 8th"]
[Site "Teplice"]
[Date "2013.06.15"]
[Round "1"]
[White "Hruby, Vaclav"]
[Black "Vales, Vaclav"]
[Result "1/2-1/2"]
[WhiteElo "1745"]
[BlackElo "2176"]
[PlyCount "154"]
[EventDate "2013.06.15"]
[EventType "swiss"]
[EventRounds "9"]
[EventCountry "CZE"]
[SourceTitle "CBM 155 Extra"]
[Source "ChessBase"]
[SourceDate "2013.08.26"]
[SourceVersion "1"]
[SourceVersionDate "2013.08.26"]
[SourceQuality "1"]

1. Nf3 d5 2. d4 Nf6 3. e3 c6 4. Bd3 Bg4 5. Nbd2 e6 6. c3 Nbd7 7. h3 Bh5 8. 0-0 Bd6 9. Qc2 0-0 10. e4 Bxf3 11. Nxf3 dxe4 12. Bxe4 h6 13. Bd3 Qc7 14. Re1 c5 15. dxc5 Nxc5 16. Be3 Nxd3 17. Qxd3 Rfd8 18. Qe2 Rac8 19. Bd4 Nd5 20. Be5 Bxe5 21. Qxe5 Nf4 22. Qxc7 Rxc7 23. Nd4 a6 24. h4 Rcd7 25. g3 Nd3 26. Re2 b5 27. a3 Kf8 28. Kf1 Rd5 29. Nc6 R8d6 30. Nb4 Nxb4 31. axb4 Ke7 32. Ra2 Kd7 33. Re1 Kc7 34. Rea1 Kb7 35. Re1 Rd3 36. Raa1 R6d5 37. Re2 e5 38. Rae1 f6 39. Re3 g5 40. hxg5 hxg5 41. Rxd3 Rxd3 42. Ke2 Rd6 43. g4 Kc6 44. Ke3 Kd7 45. Re2 Ke6 46. Rd2 Rc6 47. f3 f5 48. gxf5+ Kxf5 49. Rd8 Rh6 50. Rf8+ Ke6 51. b3 Rh1 52. Ra8 Ra1 53. c4 Ra3 54. Ke4 Rxb3 55. Rxa6+ Kf7 56. c5 Rxb4+ 57. Kxe5 Rb3 58. Rf6+ Ke7 59. Rf5 b4 60. c6 Rc3 61. Kd5 b3 62. Re5+ Kd8 63. Rxg5 b2 64. Rg8+ Ke7 65. Rg7+ Kd8 66. Rb7 Rd3+ 67. Ke4 Rd6 68. Rxb2 Rxc6 69. Rb7 Ke8 70. f4 Kf8 71. f5 Rc5 72. Kf4 Rc1 73. Kg5 Kg8 74. f6 Rf1 75. Kg6 Rg1+ 76. Kf5 Rf1+ 77. Ke6 Re1+ 1/2-1/2

[Event "Hradec Kralove op"]
[Site "Hradec Kralove"]
[Date "2013.05.17"]
[Round "3"]
[White "Nemcova, Kamila"]
[Black "Hruby, Vaclav"]
[Result "0-1"]
[WhiteElo "1505"]
[BlackElo "1733"]
[PlyCount "106"]
[EventDate "2013.05.15"]
[EventType "swiss"]
[EventRounds "9"]
[EventCountry "CZE"]
[SourceTitle "CBM 154 Extra"]
[Source "ChessBase"]
[SourceDate "2013.06.25"]
[SourceVersion "2"]
[SourceVersionDate "2013.06.25"]
[SourceQuality "1"]

1. e4 e5 2. Nf3 Nc6 3. Bc4 Bc5 4. c3 Qe7 5. 0-0 Nf6 6. Re1 0-0 7. d4 Bb6 8. d5 Nd8 9. Be3 Bxe3 10. Rxe3 Ng4 11. Re2 d6 12. h3 Nh6 13. Nbd2 f6 14. b4 Ndf7 15. Re3 g6 16. a4 f5 17. Bb3 f4 18. Rd3 g5 19. Nh2 Kh8 20. c4 Rg8 21. f3 Rg6 22. Rc1 Ng8 23. c5 Nf6 24. Rdc3 Ne8 25. a5 Bd7 26. Ba4 h5 27. c6 bxc6 28. Bxc6 Bxc6 29. Rxc6 Qd8 30. a6 Qb8 31. Qa4 Nd8 32. R6c3 Rg8 33. b5 Qb6+ 34. Kf1 Rb8 35. Rb1 Rc8 36. Nc4 Qb8 37. Na5 Nf6 38. Qd1 Nd7 39. Rb4 Nc5 40. Nb3 Nxa6 41. bxa6 Qxb4 42. Qd3 Rb8 43. Qc2 Rg7 44. Ke2 Qb5+ 45. Kd2 Qxa6 46. Rxc7 Qb6 47. Rc8 Qf2+ 48. Kd1 Qg1+ 49. Ke2 Qxg2+ 50. Kd1 Qxc2+ 51. Rxc2 Rxb3 52. Rc8 Rg8 53. Nf1 Rxf3 0-1

[Event "Hradec Kralove op"]
[Site "Hradec Kralove"]
[Date "2013.05.16"]
[Round "2"]
[White "Hruby, Vaclav"]
[Black "Ostrowski, Michal"]
[Result "1/2-1/2"]
[WhiteElo "1733"]
[BlackElo "1431"]
[PlyCount "109"]
[EventDate "2013.05.15"]
[EventType "swiss"]
[EventRounds "9"]
[EventCountry "CZE"]
[SourceTitle "CBM 154 Extra"]
[Source "ChessBase"]
[SourceDate "2013.06.25"]
[SourceVersion "2"]
[SourceVersionDate "2013.06.25"]
[SourceQuality "1"]

1. Nf3 d6 2. d4 Nf6 3. Nbd2 g6 4. e4 Bg7 5. Bd3 Bg4 6. c3 c6 7. h3 Bxf3 8. Nxf3 0-0 9. 0-0 Nbd7 10. Bf4 Re8 11. Qb3 b5 12. Rad1 Qc7 13. Bb1 Rad8 14. Rfe1 e5 15. dxe5 dxe5 16. Be3 a6 17. a3 c5 18. c4 Qc6 19. Nd2 Nf8 20. Qc2 Ne6 21. Nb3 Rxd1 22. Rxd1 Nd4 23. Bxd4 exd4 24. cxb5 Qxe4 25. Nxc5 Qxc2 26. Bxc2 axb5 27. Bd3 Nh5 28. Bxb5 Re5 29. b4 Rd5 30. Bc4 Rd8 31. a4 Bf8 32. Nd3 Nf6 33. b5 Rc8 34. Ne5 Bc5 35. Bxf7+ Kg7 36. Bb3 Rc7 37. Nd3 Bb6 38. Rc1 Rc3 39. Rxc3 dxc3 40. Bc2 Ne4 41. Kf1 Kf6 42. f3 Ng3+ 43. Ke1 Nf5 44. Nb4 Ne3 45. Bd3 Nxg2+ 46. Kd1 Ne3+ 47. Kc1 Ke6 48. Nc2 Ng2 49. Nb4 Ne1 50. Bc4+ Kd6 51. Nd5 Ba5 52. f4 Kc5 53. Bb3 Nd3+ 54. Kc2 Ne1+ 55. Kc1 1/2-1/2

[Event "Brno op 3rd"]
[Site "Brno"]
[Date "2012.11.10"]
[Round "1"]
[White "Hruby, Vaclav"]
[Black "Halldorsson, Jon Arni"]
[Result "0-1"]
[WhiteElo "1747"]
[BlackElo "2196"]
[PlyCount "62"]
[EventDate "2012.11.10"]
[EventType "swiss"]
[EventRounds "9"]
[EventCountry "CZE"]
[SourceTitle "CBM 151 Extra"]
[Source "ChessBase"]
[SourceDate "2012.12.18"]
[SourceVersion "1"]
[SourceVersionDate "2012.12.18"]
[SourceQuality "1"]

1. Nf3 f5 2. d4 Nf6 3. c4 e6 4. Nc3 Bb4 5. Bd2 0-0 6. e3 b6 7. Bd3 Bb7 8. 0-0 d6 9. Qe2 Nbd7 10. a3 Bxc3 11. Bxc3 Ne4 12. Rac1 Qe7 13. Rfd1 Nxc3 14. Rxc3 e5 15. dxe5 dxe5 16. e4 f4 17. Bc2 a5 18. Nd2 a4 19. Rh3 Nc5 20. Nb1 Bc8 21. Rc3 Be6 22. Nd2 Rf6 23. h3 Rg6 24. Kh2 Qg5 25. Rg1 Rh6 26. g4 Rd8 27. Rg2 f3 28. Nxf3 Qf4+ 29. Kg1 Rxh3 30. Ng5 Qc1+ 31. Qf1 Rh1+ 0-1

[Event "Teplice op 7th"]
[Site "Teplice"]
[Date "2012.06.24"]
[Round "9"]
[White "Hruby, Vaclav"]
[Black "Horyna, Josef"]
[Result "0-1"]
[WhiteElo "1751"]
[BlackElo "1895"]
[PlyCount "106"]
[EventDate "2012.06.16"]
[EventType "swiss"]
[EventRounds "9"]
[EventCountry "CZE"]
[SourceTitle "CBM 149 Extra"]
[Source "ChessBase"]
[SourceDate "2012.08.24"]
[SourceVersion "1"]
[SourceVersionDate "2012.08.24"]
[SourceQuality "1"]

1. Nf3 g6 2. c4 Bg7 3. d4 d6 4. Nc3 Nf6 5. e4 0-0 6. Bd3 Bg4 7. h3 Bxf3 8. Qxf3 e5 9. dxe5 dxe5 10. 0-0 c6 11. Rd1 Qc7 12. b3 Qa5 13. Bb2 Nbd7 14. Rac1 Rad8 15. Bb1 Nc5 16. Rxd8 Rxd8 17. Rd1 Ne6 18. Rxd8+ Qxd8 19. Qd3 Qc7 20. Qe3 b6 21. b4 Bf8 22. a3 Qd7 23. Qd3 Nd4 24. Ne2 c5 25. b5 Bh6 26. Nc3 Qe6 27. Nd5 Ne8 28. a4 Nd6 29. Bc3 f5 30. f3 f4 31. Be1 Nb7 32. Ba2 Kf7 33. Bb1 Qd7 34. Ba2 Bf8 35. Bf2 g5 36. Be1 Kg7 37. Bb1 Qf7 38. Bc3 Bd6 39. Be1 Qg6 40. Bc3 Kf7 41. Be1 h5 42. Kf1 g4 43. hxg4 hxg4 44. Bc3 g3 45. Ke1 Qh5 46. Qf1 Qh2 47. Bd3 Ne6 48. Bd2 Nf8 49. Nc3 Ng6 50. Ne2 Nh4 51. Qg1 Nxg2+ 52. Kf1 Nh4 53. Qxh2 gxh2 0-1

[Event "Teplice op 7th"]
[Site "Teplice"]
[Date "2012.06.23"]
[Round "8"]
[White "Tejkal, Jiri"]
[Black "Hruby, Vaclav"]
[Result "1-0"]
[WhiteElo "1909"]
[BlackElo "1751"]
[PlyCount "120"]
[EventDate "2012.06.16"]
[EventType "swiss"]
[EventRounds "9"]
[EventCountry "CZE"]
[SourceTitle "CBM 149 Extra"]
[Source "ChessBase"]
[SourceDate "2012.08.24"]
[SourceVersion "1"]
[SourceVersionDate "2012.08.24"]
[SourceQuality "1"]

1. d4 d5 2. c4 c6 3. Nf3 Nf6 4. Nc3 e6 5. Bf4 Nbd7 6. e3 Be7 7. Qc2 0-0 8. Bd3 dxc4 9. Bxc4 b5 10. Bd3 Bb7 11. 0-0 h6 12. h3 a6 13. Rad1 Rc8 14. Qe2 Qb6 15. Ne5 Rfd8 16. Bb1 c5 17. Nxd7 Rxd7 18. dxc5 Qxc5 19. e4 Rxd1 20. Rxd1 e5 21. Be3 Qc7 22. Nd5 Nxd5 23. exd5 Bf8 24. Be4 Qd6 25. Bf5 Re8 26. Be4 g6 27. g4 Rc8 28. Qd2 g5 29. Bb1 Rc7 30. Qd3 f6 31. Qg6+ Kh8 32. Be4 Bc8 33. Bf3 f5 34. gxf5 Qxg6 35. fxg6 Bxh3 36. d6 Rd7 37. Bc5 Bf5 38. Bc6 Rd8 39. b4 Bxg6 40. d7 Bxc5 41. bxc5 Bf5 42. Bb7 Rxd7 43. Rxd7 Bxd7 44. c6 Bxc6 45. Bxc6 b4 46. Kg2 Kg7 47. Kf3 h5 48. Be8 h4 49. Kg4 Kf6 50. Bd7 a5 51. Bc6 Kg6 52. Be4+ Kf6 53. Bc2 Ke6 54. Kxg5 h3 55. Kg4 h2 56. Be4 a4 57. Kg3 h1Q 58. Bxh1 a3 59. Be4 b3 60. Bb1 bxa2 1-0

[Event "Teplice op 7th"]
[Site "Teplice"]
[Date "2012.06.18"]
[Round "3"]
[White "Beran, Petr1111"]
[Black "Hruby, Vaclav"]
[Result "0-1"]
[WhiteElo "1496"]
[BlackElo "1751"]
[PlyCount "60"]
[EventDate "2012.06.16"]
[EventType "swiss"]
[EventRounds "9"]
[EventCountry "CZE"]
[SourceTitle "CBM 149 Extra"]
[Source "ChessBase"]
[SourceDate "2012.08.24"]
[SourceVersion "1"]
[SourceVersionDate "2012.08.24"]
[SourceQuality "1"]

1. e4 e5 2. Nf3 Nc6 3. Bb5 Nf6 4. Bxc6 dxc6 5. 0-0 Bg4 6. Re1 Bc5 7. d3 h6 8. c3 0-0 9. b4 Bb6 10. a4 a6 11. Na3 Re8 12. Nc2 Qd6 13. Ne3 Bxf3 14. gxf3 Nh5 15. Kh1 Nf4 16. Rg1 Qxd3 17. Qxd3 Nxd3 18. Rg2 Nf4 19. Rg4 Kh7 20. Bb2 Nd3 21. Nd1 Nxb2 22. Nxb2 Bxf2 23. Rd1 Rad8 24. Rxd8 Rxd8 25. Nc4 f6 26. h4 h5 27. Rg2 Rd1+ 28. Kh2 Bxh4 29. Na5 Bg5 30. Nxb7 Bf4+ 0-1

[Event "Hradec Kralove op"]
[Site "Hradec Kralove"]
[Date "2012.05.13"]
[Round "2"]
[White "Portych, Vaclav"]
[Black "Hruby, Vaclav"]
[Result "1-0"]
[WhiteElo "1840"]
[BlackElo "1751"]
[PlyCount "77"]
[EventDate "2012.05.12"]
[EventType "swiss"]
[EventRounds "9"]
[EventCountry "CZE"]
[SourceTitle "CBM 148 Extra"]
[Source "ChessBase"]
[SourceDate "2012.06.22"]
[SourceVersion "1"]
[SourceVersionDate "2012.06.22"]
[SourceQuality "1"]

1. c4 f5 2. Nf3 Nf6 3. Nc3 e6 4. g3 c6 5. Bg2 d5 6. cxd5 cxd5 7. e3 Nc6 8. 0-0 Be7 9. b3 0-0 10. Bb2 Bd7 11. d3 Rc8 12. Re1 Qa5 13. Ne2 Nb4 14. Ned4 Nc6 15. a3 a6 16. b4 Qb6 17. Rc1 Nxd4 18. Bxd4 Qb5 19. Qb3 Qa4 20. Qxa4 Bxa4 21. Bc5 Bxc5 22. bxc5 Nd7 23. d4 Bc6 24. Rb1 Ra8 25. Rb2 a5 26. Reb1 h6 27. Bf1 Ra7 28. Bb5 Rc8 29. a4 Kf7 30. Nd2 Kf6 31. h4 g5 32. hxg5+ hxg5 33. Kg2 Rh8 34. Bxc6 bxc6 35. Rb7 Rxb7 36. Rxb7 Ke7 37. Nf3 Rb8 38. Ra7 g4 39. Ne5 1-0

[Event "Teplice op 6th"]
[Site "Teplice"]
[Date "2011.06.15"]
[Round "5"]
[White "Kochert, Bedrich"]
[Black "Hruby, Vaclav"]
[Result "1/2-1/2"]
[WhiteElo "1750"]
[BlackElo "1777"]
[PlyCount "82"]
[EventDate "2011.06.11"]
[EventType "swiss"]
[EventRounds "9"]
[EventCountry "CZE"]
[SourceTitle "CBM 142 Extra"]
[Source "ChessBase"]
[SourceDate "2011.06.27"]
[SourceVersion "1"]
[SourceVersionDate "2011.06.27"]
[SourceQuality "1"]

1. e4 g6 2. Nf3 Bg7 3. Bc4 d6 4. 0-0 Nf6 5. d3 0-0 6. Nc3 c6 7. Bg5 Nbd7 8. Qd2 Nc5 9. Bh6 Be6 10. Bxg7 Kxg7 11. Bxe6 Nxe6 12. d4 Qb6 13. b3 Rfd8 14. Rad1 Rac8 15. Rfe1 Qa5 16. a4 c5 17. d5 Nd4 18. Nxd4 cxd4 19. Nb5 Qxd2 20. Rxd2 d3 21. c4 a6 22. Nc3 Nd7 23. f3 Nc5 24. Rb1 a5 25. Nd1 Ra8 26. Nf2 Ra6 27. Nxd3 Rb6 28. Nxc5 dxc5 29. e5 f6 30. f4 f5 31. Rd3 h5 32. h4 Rd7 33. Re1 Rd8 34. Ree3 Kf7 35. Rg3 Ra6 36. Rde3 Rb6 37. Kf2 Ra6 38. Ke2 Rb6 39. Kd2 Ra6 40. Kc2 Rb6 41. Re1 Ra6 1/2-1/2

[Event "Teplice op 6th"]
[Site "Teplice"]
[Date "2011.06.12"]
[Round "2"]
[White "Kudela, Stanislav"]
[Black "Hruby, Vaclav"]
[Result "1-0"]
[WhiteElo "1965"]
[BlackElo "1777"]
[PlyCount "43"]
[EventDate "2011.06.11"]
[EventType "swiss"]
[EventRounds "9"]
[EventCountry "CZE"]
[SourceTitle "CBM 142 Extra"]
[Source "ChessBase"]
[SourceDate "2011.06.27"]
[SourceVersion "1"]
[SourceVersionDate "2011.06.27"]
[SourceQuality "1"]

1. e4 g6 2. d4 Bg7 3. f4 d6 4. Nf3 c6 5. Bc4 Nf6 6. Nc3 Nxe4 7. Bxf7+ Kxf7 8. Nxe4 Rf8 9. c3 Qb6 10. Qe2 h6 11. 0-0 Nd7 12. Kh1 Nf6 13. Ng3 e6 14. Qc2 Rg8 15. Ne5+ dxe5 16. fxe5 Qd8 17. Ne4 Ke7 18. Nxf6 Bxf6 19. Rxf6 Bd7 20. Bxh6 Be8 21. Bg5 Kd7 22. Qb3 1-0

[Event "Zdar nad Sazavou Vysocina op 7th"]
[Site "Zdar nad Sazavou"]
[Date "2010.09.29"]
[Round "6"]
[White "Hruby, Vaclav"]
[Black "Bradac, Roman"]
[Result "0-1"]
[WhiteElo "1808"]
[BlackElo "2034"]
[PlyCount "84"]
[EventDate "2010.09.25"]
[EventType "swiss"]
[EventRounds "9"]
[EventCountry "CZE"]
[SourceTitle "CBM 138 Extra"]
[Source "ChessBase"]
[SourceDate "2010.10.29"]
[SourceVersion "1"]
[SourceVersionDate "2010.10.29"]
[SourceQuality "1"]

1. d4 Nf6 2. Nf3 e6 3. c4 Bb4+ 4. Bd2 Qe7 5. Nc3 b6 6. e3 Bb7 7. Be2 0-0 8. 0-0 d6 9. a3 Bxc3 10. Bxc3 Ne4 11. Rc1 Nxc3 12. Rxc3 Nd7 13. Ne1 Nf6 14. f3 e5 15. e4 Rad8 16. Nc2 Nh5 17. g3 Qg5 18. Qc1 Qg6 19. Rf2 Nf4 20. Bf1 f5 21. exf5 Rxf5 22. d5 Rh5 23. Ne3 Bc8 24. Rd2 Rf8 25. Qe1 Nh3+ 26. Bxh3 Bxh3 27. Ng2 Qh6 28. Rf2 Bd7 29. Ne3 Rh3 30. Nf1 Qg6 31. Qe4 Bf5 32. Qe3 Rh4 33. Kh1 Rh6 34. g4 Bd7 35. Ng3 Qf7 36. Ne4 Qe7 37. Qg5 Qxg5 38. Nxg5 Bxg4 39. Ne4 Bf5 40. Ng3 Bh3 41. b4 Rh4 42. Rcc2 Rd4 0-1

[Event "Novy Bor op"]
[Site "Novy Bor"]
[Date "2010.02.19"]
[Round "8"]
[White "Palas, Ales"]
[Black "Hruby, Vaclav"]
[Result "1/2-1/2"]
[WhiteElo "2013"]
[BlackElo "1791"]
[PlyCount "99"]
[EventDate "2010.02.13"]
[EventType "swiss"]
[EventRounds "9"]
[EventCountry "CZE"]
[SourceTitle "CBM 134 Extra"]
[Source "ChessBase"]
[SourceDate "2010.03.03"]
[SourceVersion "1"]
[SourceVersionDate "2010.03.03"]
[SourceQuality "1"]

1. e4 d6 2. d4 Nf6 3. Nc3 c6 4. f4 Qa5 5. Bd3 e5 6. Nf3 Bg4 7. Be3 Nbd7 8. 0-0 Be7 9. h3 Bxf3 10. Qxf3 exd4 11. Bxd4 0-0 12. Kh1 Nc5 13. e5 Nfd7 14. exd6 Bxd6 15. Qh5 g6 16. Qh6 Ne6 17. Be3 Be7 18. f5 Ng7 19. Bd4 Bf6 20. Bxf6 Nxf6 21. Rf4 Ngh5 22. Ne4 Nxe4 23. Bxe4 Nxf4 24. Qxf4 Rae8 25. Bd3 Qe5 26. Qh6 gxf5 27. Qg5+ Qg7 28. Qxf5 Re7 29. Rf1 Rfe8 30. Rf4 Re6 31. Bc4 Re1+ 32. Kh2 Kh8 33. Qxf7 Qxf7 34. Rxf7 R1e7 35. Rf3 Kg7 36. Bd3 Rf8 37. Rg3+ Kh6 38. Rg4 Rh8 39. a4 Rg7 40. Rh4+ Kg5 41. Rg4+ Kf6 42. Rf4+ Ke5 43. Re4+ Kd6 44. Bc4 a5 45. b3 h5 46. Bd3 h4 47. Rf4 Kc7 48. Be4 Kb6 49. Bd3 Rd7 50. Rg4 1/2-1/2

[Event "Marianske Lazne op"]
[Site "Marianske Lazne"]
[Date "2010.01.16"]
[Round "1"]
[White "Hruby, Vaclav"]
[Black "Ondrejat, Miroslav"]
[Result "0-1"]
[WhiteElo "1791"]
[BlackElo "2087"]
[PlyCount "48"]
[EventDate "2010.01.16"]
[EventType "swiss"]
[EventRounds "9"]
[EventCountry "CZE"]
[SourceTitle "CBM 134 Extra"]
[Source "ChessBase"]
[SourceDate "2010.03.03"]
[SourceVersion "1"]
[SourceVersionDate "2010.03.03"]
[SourceQuality "1"]

1. d4 Nf6 2. Nf3 c5 3. c4 e6 4. Nc3 cxd4 5. Nxd4 Nc6 6. e3 a6 7. Be2 Qc7 8. 0-0 Be7 9. a3 0-0 10. h3 d6 11. Qc2 Bd7 12. b4 Ne5 13. Ne4 Rac8 14. Nd2 b5 15. f4 Nxc4 16. N2b3 d5 17. Bd3 Qb7 18. Qe2 Ne4 19. Qf3 f5 20. Kh2 Rf6 21. g4 fxg4 22. hxg4 e5 23. Ne2 Rh6+ 24. Kg1 Bxg4 0-1

[Event "Plzen op 1st"]
[Site "Plzen"]
[Date "2009.12.08"]
[Round "5"]
[White "Kasik, Miroslav"]
[Black "Hruby, Vaclav"]
[Result "1-0"]
[WhiteElo "1932"]
[BlackElo "1782"]
[PlyCount "35"]
[EventDate "2009.12.05"]
[EventType "swiss"]
[EventRounds "9"]
[EventCountry "CZE"]
[SourceTitle "CBM 133 Extra"]
[Source "ChessBase"]
[SourceDate "2010.01.05"]
[SourceVersion "1"]
[SourceVersionDate "2010.01.05"]
[SourceQuality "1"]

1. e4 e5 2. Nf3 Nc6 3. Bb5 Bc5 4. c3 Qf6 5. d4 exd4 6. e5 Qg6 7. cxd4 Nxd4 8. Nxd4 Qb6 9. Be3 Bxd4 10. Bxd4 Qxb5 11. Nc3 Qc6 12. 0-0 Ne7 13. Rc1 b6 14. f3 Ba6 15. Re1 0-0-0 16. Ne4 Qg6 17. Qa4 Kb7 18. Qb3 1-0